000
00311nam a2200121Ia 4500
008
190216s9999||||xx |||||||||||||| ||und||
100
_a
Naidu Pmn
245
0
_a
Poultry Keeping In India
260
_b
Indian Council Og Agri Research
_c
1967
300
_a
242p
650
_a
Poultry Keeping In India
942
_c
REF
999
_c
35236
_d
35236